| 000 | 00750nam a2200265Ia 4500 | ||
|---|---|---|---|
| 003 | OSt | ||
| 005 | 20220928111209.0 | ||
| 006 | a|||||r|||| 00| 0 | ||
| 007 | ta | ||
| 008 | 220927b |||||||| |||| 00| 0 eng d | ||
| 024 | _a129277 | ||
| 037 | _cTextual | ||
| 040 |
_aSDCL _cSDCL _beng |
||
| 041 |
_2eng _aeng |
||
| 082 | _aR66,5x1,1, L7.1 | ||
| 100 | _aSankaracharya | ||
| 245 | 0 | _aBrahmasutra sankarabhasya . | |
| 250 | _a1. | ||
| 260 |
_aVaranasi _bChowkhamba Vidyabhawan _c1977 |
||
| 300 |
_a656p. _ccm. |
||
| 490 | _aVidyabhawan Sanskrit granthamala .124. | ||
| 700 |
_a Sastri Hanumanadas Cm. _9403155 |
||
| 942 |
_hR66,5x1,1, L7.1 _cTEXL _2CC |
||
| 999 |
_c738810 _d738810 |
||